000 00367pab a2200157 454500
008 180718b1997 xxu||||| |||| 00| 0 eng d
100 _aRay, Baren
245 _aCommunism in the twentieth century
260 _c1997
300 _ap.19-29
362 _a8 Nov
650 _aCommunism
650 _aPolitics and government
773 _aMainstream
909 _a36052
999 _c36052
_d36052